000 00457nam a2200169Ia 4500
008 230718s9999 xx 000 0 und d
020 _a9781408855676
041 _aeng
082 _a823.91
_bROW
100 _aRowling J.K.
245 _aHarry Potter And The Prisoner Of Azkaban Vol-3
260 _c2014
_bBloomsbury
300 _a461
365 _cRs.
_b607.15
700 _aRowling J.K.
906 _dO:0633624-Jan-2019B:501007-Jan-2019
_cGENRL
_b151.79
999 _c349332
_d349332